000 00518cam a2200193 4500
008 090401t1982 xxu||||| |||| 00| 0 eng d
020 _a0131653083
035 _a(Sirsi) u67151
041 _aeng
050 _a526.0285
100 _aMonmonier, Mark S
245 _aComputer-assisted cartography : principles and prospects
260 _aEnglewood Cliffs,N.J
_bPrentice-Hall Inc
_c1982
300 _ax,214p. : ill. ; 24cm.
350 _a49.95
650 _aDIGITAL MAPPING
942 _n0
948 _c04/03/1997
999 _c94974
_d94974